000 01398nam a2200301 a 4500
001 BRCA_5182
005 20190320204955.0
008 241110s1827----mx-######v---#000-0#spa-#
041 _aspa
044 _amx
084 _aDOC141
_b.E83
_c1827
100 1 _aEscobar, Luis
_913253
245 1 0 _aDocumento de Luis Escobar
_cLuis Escobar, Licenciado Don Agustín Pérez de Lebrija.
260 _aMéxico
_c1827
300 _a[9] fojas
_c32 x 22 cm
500 _aDocumento expedido en 1827
500 _aPetición de Luis Escobar, preso en la cárcel al Lic. Don Agustín Pérez de Lebrija, Juez de primera instancia, se le condone su sentencia en virtud de encontrarse enfermo. Anexos certificados de los facultativos médicos, negando dicho padecimiento
500 _aEl documento contiene la leyenda DOC. #309
500 _aPapel con marca de agua
500 _aEstado de conservación: contiene manchas de acidez, márgenes maltratados, así como manchas de tinta
506 0 _aFondo reservado: para su consulta es necesario credencial de usuario y carta de motivos
546 _aTexto en: español de principios del siglo XIX
600 1 4 _aEscobar, Luis
_cPreso
_913254
650 1 4 _aDocumentos legales
_vImpreso con rúbricas
_xHistoria
_yFederalismo y centralismo, 1824-1853
_zMéxico
_913255
700 1 _aPérez de Lebrija, Agustín
_cJuez
_913256
902 _aFDH
942 _2lcc
_cD
999 _c4876
_d4876